Landfill as a future waste management option in England: the view of landfill operators (Record no. 53727)
[ view plain ]
| 000 -LEADER | |
|---|---|
| fixed length control field | 01232cab a2200265 4500 |
| 001 - CONTROL NUMBER | |
| control field | ABS58565 |
| 008 - FIXED-LENGTH DATA ELEMENTS--GENERAL INFORMATION | |
| fixed length control field | 090401t1998 xxu||||| |||| 00| 0 eng d |
| 035 ## - SYSTEM CONTROL NUMBER | |
| System control number | (Sirsi) u85438 |
| 041 ## - LANGUAGE CODE | |
| Language code of text/sound track or separate title | eng |
| 100 ## - MAIN ENTRY--PERSONAL NAME | |
| Personal name | Robinson, G. |
| 245 ## - TITLE STATEMENT | |
| Title | Landfill as a future waste management option in England: the view of landfill operators |
| 260 ## - PUBLICATION, DISTRIBUTION, ETC. | |
| Date of publication, distribution, etc. | 1998 |
| 350 ## - PRICE (NR) (BK AM CF MU VM SE) [OBSOLETE] | |
| Price | 0 |
| 490 ## - SERIES STATEMENT | |
| Series statement | Geographical Journal |
| Volume/sequential designation | 164(1) 1 March 1998, 55-66(13) |
| 520 ## - SUMMARY, ETC. | |
| Summary, etc. | Results of a survey of waste disposal authorities and private disposal contractors to assess the future potential role of landfill as a waste management option for municipal waste in England. Having in mind, that, by the year 2010, many regions of England will be suffering a shortage of landfill sites, focuses on the take-up rates of alternative treatment routes to landfill, recycling and waste-to-energy, by the private and public sectors. Summarises the present UK waste strategy. Details of responses, maps, references. |
| 650 ## - SUBJECT ADDED ENTRY--TOPICAL TERM | |
| Topical term or geographic name entry element | FUTURE |
| 650 ## - SUBJECT ADDED ENTRY--TOPICAL TERM | |
| Topical term or geographic name entry element | LANDFILL |
| 650 ## - SUBJECT ADDED ENTRY--TOPICAL TERM | |
| Topical term or geographic name entry element | MUNICIPAL SOLID WASTE |
| 650 ## - SUBJECT ADDED ENTRY--TOPICAL TERM | |
| Topical term or geographic name entry element | WASTE MANAGEMENT |
| 690 ## - LOCAL SUBJECT ADDED ENTRY--TOPICAL TERM (OCLC, RLIN) | |
| Topical term or geographic name as entry element | ENVIRONMENTAL AND LAND CONSULTANCY |
| 700 ## - ADDED ENTRY--PERSONAL NAME | |
| Personal name | Phillips, P. |
| 700 ## - ADDED ENTRY--PERSONAL NAME | |
| Personal name | Read, A. |
| 942 ## - ADDED ENTRY ELEMENTS (KOHA) | |
| Suppress in OPAC | 0 |
| 948 ## - LOCAL PROCESSING INFORMATION (OCLC); SERIES PART DESIGNATOR (RLIN) | |
| c (OCLC) | 06/04/1998 |
| Withdrawn status | Lost status | Source of classification or shelving scheme | Damaged status | Not for loan | Home library | Current library | Shelving location | Date acquired | Total Checkouts | Full call number | Barcode | Date last seen | Copy number | Price effective from | Koha item type |
|---|---|---|---|---|---|---|---|---|---|---|---|---|---|---|---|
| Dewey Decimal Classification | London | London | Journal article | 14/09/1999 | ABS58565 | 85438-1001 | 06/08/2019 | 1 | 06/08/2019 | Journal article |